000 00411pab a2200157 454500
008 180718b2013 xxu||||| |||| 00| 0 eng d
100 _aSingh, Tarika
245 _aFurther evidence on the information content of economic value added: Indian evidence
260 _c2013
300 _ap.29-39.
362 _aJan-Mar
650 _aPerformance appraisal
773 _aAbhigyan
908 _aN
909 _a99387
999 _c99386
_d99386